Responses for Show #3544 - Thursday, January 20, 2000

Contestants

[<< previous game]

Jim Laden, an international educator from Portland, Oregon

Kathryn Wymer, a graduate student from Woodstock, Georgia

Lynn Walters, a stay-at-home mom from St. Louis, Missouri (whose 1-day cash winnings total $3,700)

[next game >>]

Jeopardy! Round responses

AUTOBIOGRAPHERS
ALONG CAME MARY
BASEBALL -- 1999
(Alex: Let's see if you remember last season.)
COMING UP IN 2000
FLAGS OF THE WORLD
3-LETTER ABBREVIATIONS
(Alex: You have to give us the 3-letter abbreviation.)
    $100 6
Charles Lindbergh

Triple Stumper
    $100 1
Mary Poppins

Lynn
    $100 13
the New York Yankees

Kathryn
    $100 22
(Lynn: What is Salt Lake City?)

Sydney, Australia

LynnJim
    $100 17
Soviet Union

Kathryn
    $100 8
(Lynn: What is MPH/miles per hour?)

RPM (revolutions per minute)

Lynn
Triple Stumper
    $200 7
Billy Crystal

Kathryn
    $200 2
Mary Pickford

Jim
    $200 27
Mark McGwire

Kathryn
    $200 23
Pope John Paul II

Jim
    $200 18
France

Kathryn
    $200 9
ETA (estimated time of arrival)

Kathryn
    $300 14
Casey Stengel

Lynn
    $300 3
Mary Lou Retton

Lynn
    $300 28
Candlestick Park

Jim
    $300 24
Philadelphia

Triple Stumper
    $300 19
Sweden

Kathryn
    $900 10
KFC (Kentucky Fried Chicken)

Kathryn
    $400 15
Adolf Hitler ("Mein Kampf")

Jim
    $400 4
Mary Shelley

Lynn
    $400 29
Randy Johnson

Triple Stumper
    $400 25
(Alex: Less than a minute to go.)

World's Fair

Jim
    $400 20
Panama

Jim
    $400 11
ELO (Electric Light Orchestra)

Kathryn
    $500 16
Booker T. Washington

Jim
    $500 5
Mary Cassatt

Kathryn
    $500 30
the Cleveland Indians

Triple Stumper
    $500 26
(Jim: What is Australia?)

New Zealand

Jim
Triple Stumper
    $500 21
South Africa

Jim
    $500 12
PSA (Public Service Announcement)

Kathryn

Scores at the first commercial break (after clue 13):

Lynn Kathryn Jim
$700 $2,800 $200

Scores at the end of the Jeopardy! Round:

Lynn Kathryn Jim
$900 $3,600 $2,500

Double Jeopardy! Round responses

THE CANDIDATE
THE HOT "ROCK"
A RIVER RUNS THROUGH IT
(Alex: You have to name the river.)
3 DAYS OF THE CONDOR
QUIZ SHOW
(Alex: And the 2 names that link all these categories...)
ROBERT REDFORD
    $200 19
Jimmy Carter

Lynn
    $200 1
Norman Rockwell

Kathryn
    $200 6
Mississippi

Jim
    $200 26
Wingspan

Jim
    $200 16
College Bowl

Lynn
    $200 11
Santa Monica

Lynn
    $400 20
Barry Goldwater

Lynn
    $400 2
Chris Rock

Lynn
    $400 7
(Jim: What is the Tennessee?)

Nile

LynnJim
    $400 27
Andean condor

Jim
    $400 17
(Alex: Ah, I was once young; even then I looked old!)

Alex Trebek

Lynn
    $400 12
The Twilight Zone

Lynn
    $800 21
[Poster with a beer mug]
(Lynn: What is "Happy Days are Here Again?")

the repeal of Prohibition

Lynn
    $600 3
Rockford

Lynn
    $600 8
Congo

Jim
    $600 28
(buzzer sounds)

Updrafts

Triple Stumper
    $600 18
The $64,000 Question

Jim
    $600 13
The Sting

Lynn
    $800 22
(Alex: Minute to go.)

Thomas E. Dewey

Lynn
    $800 4
Houston Rockets

Kathryn
    $1,000 9
(Jim: What is the Limerick?)

Shannon

Jim
    $800 24
Quiz Kids

Triple Stumper
    $800 14
Ordinary People

Jim
    $1000 23
George McClellan (he lost to Abraham Lincoln)

Triple Stumper
    $1000 5
Ayers Rock

Jim
    $1000 10
Tagus

Triple Stumper
    $1000 25
Sports Challenge

Triple Stumper
    $1000 15
Jeremiah Johnson

Jim

Scores at the end of the Double Jeopardy! Round:

Lynn Kathryn Jim
$4,700 $4,600 $5,900

[wagering suggestions for these scores]

Final Jeopardy! Round responses

OPERA SINGERS
[At beginning of closing credits, Alex stares as the Reach for the Top picture of himself is shown again.]
KathrynWho is Pavarotti?
$0
LynnWho was Caruso?
$4,601
JimWho is Pavoratti?
$3,501
Enrico Caruso

Final scores:

Lynn Kathryn Jim
$9,301 $4,600 $2,399
2-day champion: $13,001 2nd place: a trip to Wyndham Palace Resort & Spa at Walt Disney World, Florida 3rd place: a Clio PC Companion

Game dynamics:

Coryat scores:

Lynn Kathryn Jim
$5,500 $4,000 $6,900
15 R,
3 W
(including 1 DD)
13 R
(including 1 DD),
0 W
17 R,
3 W
(including 1 DD)

Combined Coryat: $16,400

[game clues] [game scores] [suggest correction]

Game tape date: 1999-11-10
The J! Archive is created by fans, for fans. Scraping, republication, monetization, and malicious use prohibited; this site may use cookies and collect identifying information. See terms. The Jeopardy! game show and all elements thereof, including but not limited to copyright and trademark thereto, are the property of Jeopardy Productions, Inc. and are protected under law. This website is not affiliated with, sponsored by, or operated by Jeopardy Productions, Inc. Join the discussion at JBoard.tv.